Can you name the English county's by there Flags - Statistics

General Stats
  • This quiz has been taken 46 times
  • The average score is 22 of 40
Answer Stats
Picture Answer % Correct
City Of London
76%
Greater London
76%
Cornwall
70%
Devon
67%
Kent
64%
Northumberland
64%
Berkshire
61%
Essex
61%
Herefordshire
61%
West Yorkshire
61%
Cumbria
58%
Derbyshire
58%
Lancashire
58%
Oxfordshire
58%
South Yorkshire
58%
Buckinghamshire
55%
Durham
55%
East Riding of Yorkshire
55%
Norfolk
55%
North Yorkshire
55%
Nottinghamshire
55%
Shropshire
55%
Somerset
55%
Gloucestershire
52%
Wiltshire
52%
Worcestershire
52%
Cheshire
48%
Greater Manchester
48%
Lincolnshire
48%
Northamptonshire
48%
Suffolk
48%
Dorset
45%
Hertfordshire
45%
Staffordshire
45%
West Midlands
45%
Leicestershire
42%
Rutland
42%
Merseyside
39%
Tyne and Wear
36%
City of Bristol
33%
No matching quizzes found
Score Distribution
Percent of People with Each Score
Percentile by Number Answered
Your Score History
You have not taken this quiz